Debreczen a török uralom végén a város háztartása : 1662-1692 : II. /

Elmentve itt :
Bibliográfiai részletek
Szerző: Zoltai Lajos
Dokumentumtípus: Cikk
Megjelent: 1903
Sorozat:Magyar gazdaságtörténelmi szemle 10
Kulcsszavak:Közgazdaságtudomány, Magyarország történelme, Gazdaságtörténet
Online Access:http://misc.bibl.u-szeged.hu/786
LEADER 00663nab a2200169 i 4500
001 misc786
005 20191106144033.0
008 170607s1903 hu o 0|| hun d
040 |a SZTE Miscellanea Repozitórium  |b hun 
041 |a hun 
100 1 |a Zoltai Lajos 
245 1 0 |a Debreczen a török uralom végén   |h [elektronikus dokumentum] :  |b a város háztartása : 1662-1692 : II. /  |c  Zoltai Lajos 
260 |c 1903 
300 |a 404-425 
490 0 |a Magyar gazdaságtörténelmi szemle  |v 10 
695 |a Közgazdaságtudomány, Magyarország történelme, Gazdaságtörténet 
856 4 0 |u http://misc.bibl.u-szeged.hu/786/1/gazd_tort_szeml_1903_404-425.pdf  |z Dokumentum-elérés